| 000 | 00747nam a2200193 a 4500 | ||
|---|---|---|---|
| 005 | 20230531063648.0 | ||
| 008 | 991125s1943 mx 000 0 spa u | ||
| 035 | _aUPN01000019713 | ||
| 049 | _aCG | ||
| 050 | 4 |
_aF1230 _bJ5.3 |
|
| 100 | 1 | _aJiménez Martín, Manuel | |
| 245 | 1 | 0 |
_aEnsayo sobre la conquista española : _bsus antecedentes económicos, humanísticos y la proyección de éstos en ella / _cManuel Jiménez Martín, Juan A. Ortega y Medina. |
| 260 |
_aMéxico : _bEscuela Normal Superior, _c[1943?]. |
||
| 300 | _a60 p. | ||
| 500 | _aDatos tomados de la cubierta | ||
| 651 | 4 |
_aMéxico _xHistoria _yDescubrimiento y conquista, 1517-1521 _911526 |
|
| 700 | 1 |
_aOrtega y Medina, Juan Antonio, _d1913-1992 _ecoaut. _928580 |
|
| 905 | _aLibro | ||
| 999 |
_c19713 _d19713 |
||